[Event "Gibraltar Masters 2019"]
[Site "Caleta ENG"]
[Date "2019.01.30"]
[Round "9.34"]
[White "Pigott,J"]
[Black "Short,N"]
[Result "0-1"]
[WhiteElo "2387"]
[BlackElo "2648"]


1.c4 e5 2.Nc3 d6 3.g3 Be6 4.Nf3 Nc6 5.d4 exd4 6.Nxd4 Nxd4 7.Qxd4 Ne7 8.Bg2 Nc6
9.Qd3 g6 10.b3 Bg7 11.Bb2 O-O 12.O-O a5 13.Rfd1 Re8 14.Qd2 Qc8 15.Rac1 Ne5
16.Nd5 Nd7 17.Bxg7 Kxg7 18.Qd4+ f6 19.Nf4 Nc5 20.Rc3 Bf7 21.h4 Qf5 22.Bf3 Qe5
23.Nd5 Qxd4 24.Rxd4 Rac8 25.Kf1 b6 26.Rd1 f5 27.Re3 Bxd5 28.Rxe8 Rxe8 29.Rxd5 Kf6
30.e3 h6 31.Rd4 Re5 32.Bd1 g5 33.Bc2 Ne6 34.hxg5+ hxg5 35.Rd5 g4 36.Rd1 b5
37.cxb5 Rxb5 38.Ke2 Rc5 39.Bd3 Ng5 40.Rh1 Nf3 41.e4 Re5 42.Ke3 fxe4 43.Be2 d5
44.Bxf3 exf3+ 45.Kd3 Re2 46.Rc1 Rxf2 47.Rxc7 Rxa2 48.Kd4  0-1

[Event "Gibraltar Masters 2019"]
[Site "Caleta ENG"]
[Date "2019.01.30"]
[Round "9.33"]
[White "Moroni,L"]
[Black "Lei Tingjie"]
[Result "1-0"]
[WhiteElo "2562"]
[BlackElo "2447"]

1.c4 e6 2.Nc3 d5 3.d4 Nf6 4.cxd5 Nxd5 5.e4 Nxc3 6.bxc3 c5 7.Nf3 cxd4 8.cxd4 Bb4+
9.Bd2 Bxd2+ 10.Qxd2 O-O 11.Rc1 b6 12.Bd3 Bb7 13.O-O Nd7 14.Qf4 Nf6 15.Rc3 Rc8
16.Ra3 a5 17.Rd1 h6 18.Rb3 Qc7 19.Qh4 Rfd8 20.h3 Nd7 21.Bb1 Qd6 22.Re3 Qb4
23.d5 exd5 24.Nd4 Nf8 25.e5 Ne6 26.Bf5 Re8 27.Rg3 Nxd4 28.Rxd4 Qe1+ 29.Kh2 Qxe5
30.Rg4 Rc6 31.f4 Qxf5 32.Rxg7+ Kh8 33.Qe7 Re6 34.Qxb7 Qxf4 35.Rxf7  1-0

[Event "Gibraltar Masters 2019"]
[Site "Caleta ENG"]
[Date "2019.01.30"]
[Round "9.32"]
[White "Prithu,Gupta"]
[Black "Ramirez,Alej"]
[Result "1/2-1/2"]
[WhiteElo "2462"]
[BlackElo "2567"]

1.e4 e5 2.Nf3 Nc6 3.Bb5 Nf6 4.d3 d6 5.O-O Bd7 6.c3 g6 7.Re1 Bg7 8.Nbd2 O-O
9.Nf1 Nh5 10.Be3 Qe8 11.Ng3 Nxg3 12.hxg3 h6 13.Qd2 Kh7 14.Ba4 f5 15.exf5 gxf5
16.Bc2 Ne7 17.d4 e4 18.Nh4 Nd5 19.f3 exf3 20.g4 Ne7 21.gxf5 Bxf5 22.Bf2 Bxc2
23.Qxc2+ Kg8 24.Re6 Rf6 25.Rae1 Rxe6 26.Rxe6 Qf7 27.Qe4 d5 28.Qe1 Nf5 29.Nxf3 Nd6
30.Re7 Re8 31.Rxf7 Rxe1+ 32.Bxe1 Kxf7 33.Bg3 Ne8 34.Ne1 c6 35.Nd3 Bf8 36.Bb8 a6
37.Kf2  1/2-1/2

[Event "Gibraltar Masters 2019"]
[Site "Caleta ENG"]
[Date "2019.01.30"]
[Round "9.31"]
[White "Muzychuk,A"]
[Black "Stefanova,A"]
[Result "1-0"]
[WhiteElo "2569"]
[BlackElo "2486"]

1.e4 c6 2.d4 d5 3.e5 c5 4.Nf3 cxd4 5.Nxd4 Nc6 6.Nxc6 bxc6 7.Bd3 g6 8.O-O Bg7
9.Re1 Nh6 10.Bf4 Qb6 11.Qd2 Nf5 12.Nc3 a5 13.Na4 Qd4 14.b3 h5 15.c3 Qa7 16.c4 dxc4
17.Bxc4 O-O 18.Rad1 Ba6 19.Qd3 Bxc4 20.Qxc4 Qb7 21.Rc1 Rac8 22.e6 f6 23.Red1 g5
24.Rd7 Qb5 25.Bc7 Rfe8 26.Nb6 Rxc7 27.Qxb5 cxb5 28.Rcxc7 Bf8 29.Rc8  1-0

[Event "Gibraltar Masters 2019"]
[Site "Caleta ENG"]
[Date "2019.01.30"]
[Round "9.30"]
[White "Peralta,Fe"]
[Black "Gukesh,D"]
[Result "0-1"]
[WhiteElo "2580"]
[BlackElo "2497"]

1.d4 d5 2.c4 c6 3.Nf3 Nf6 4.Nc3 e6 5.e3 Nbd7 6.Bd3 dxc4 7.Bxc4 b5 8.Bd3 a6
9.e4 c5 10.d5 Qc7 11.O-O Bb7 12.dxe6 fxe6 13.Ne2 e5 14.Ng3 c4 15.Bc2 O-O-O
16.Qe2 Nc5 17.a4 Ne6 18.axb5 axb5 19.b3 Nd4 20.Nxd4 exd4 21.bxc4 bxc4 22.Ba4 Bd6
23.Bb5 c3 24.Bg5 Qc5 25.Bxf6 gxf6 26.Rfb1 Rhf8 27.Bd3 Rf7 28.Nf5 Rc7 29.Rb5 Qc6
30.Qa2 c2 31.Rc1 Qc3 32.Qxc2 Bf4 33.Rcb1 Qxc2 34.Bxc2 d3 35.Bb3 d2 36.Be6+ Kb8
37.Rd1 Rc1 38.Bb3 Rd3 39.Ba4 Ra3  0-1

[Event "Gibraltar Masters 2019"]
[Site "Caleta ENG"]
[Date "2019.01.30"]
[Round "9.29"]
[White "Cramling,P"]
[Black "Mikhalevski,V"]
[Result "1/2-1/2"]
[WhiteElo "2462"]
[BlackElo "2581"]

1.Nf3 Nf6 2.c4 e6 3.g3 d5 4.d4 dxc4 5.Bg2 Bb4+ 6.Bd2 a5 7.O-O O-O 8.Qc2 b5
9.a4 c6 10.axb5 Bxd2 11.Nfxd2 Nd5 12.bxc6 Nxc6 13.Qxc4 Qb6 14.Qc5 Qxb2 15.Bxd5 exd5
16.Qxc6 Qxa1 17.Qxa8 Bh3 18.Qxd5 Bxf1 19.Kxf1 a4 20.Qc5 Ra8 21.Qc3 Qxc3 22.Nxc3 a3
23.Na2 f5 24.Nb1 Rd8 25.e3 Rb8 26.Nbc3 g5 27.h3 h5 28.e4 fxe4 29.Nxe4 g4
30.hxg4 Rb1+ 31.Kg2 hxg4 32.Nec3 Rb2 33.Kf1 Rc2 34.Ke1 Kf7 35.Kf1 Ke6 36.Ke1 Kf5
37.Kf1 Rd2 38.Ke1 Rc2 39.Kf1 Ke6 40.Ke1 Kd7 41.Kf1 Kd8 42.Ke1 Kc8 43.Kf1 Kb8
44.Ke1 Kb7 45.Kf1 Rd2 46.Ke1 Rxd4 47.Ke2 Kc6 48.Ke3 Rd8 49.Nb1 Rf8 50.Nxa3 Rf3+
51.Ke4 Rxa3 52.Nb4+ Kd6 53.Nc2 Ra4+ 54.Kf5 Ra2 55.Ne3 Rxf2+ 56.Kxg4 Ke5 57.Kh3 Re2
58.Ng2 Ke4 59.Nh4 Ra2 60.Kg4 Ra8  1/2-1/2

[Event "Gibraltar Masters 2019"]
[Site "Caleta ENG"]
[Date "2019.01.30"]
[Round "9.26"]
[White "Jumabayev,R"]
[Black "Krysa,L"]
[Result "1-0"]
[WhiteElo "2604"]
[BlackElo "2499"]

1.Nf3 Nf6 2.c4 c5 3.Nc3 d5 4.cxd5 Nxd5 5.e3 Nc6 6.Bb5 Nxc3 7.dxc3 Qc7 8.e4 a6
9.Be2 e6 10.Qd2 Bd6 11.Qg5 O-O 12.Be3 b6 13.Nd2 Bb7 14.Nc4 Be7 15.Qg3 Qxg3
16.hxg3 b5 17.Nb6 Rad8 18.a4 c4 19.axb5 axb5 20.Rh5 f5 21.exf5 exf5 22.Bf3 g6
23.Rh1 Rfe8 24.Kf1 h5 25.Nd5 Ra8 26.Rxa8 Rxa8 27.Ke2 Bd8 28.Nf4 Ra2 29.Rd1 Rxb2+
30.Kf1 Ba5 31.Nxg6 Nd8 32.Bxb7 Nxb7 33.Rd7 Nd8 34.Bd4 Ne6 35.Be5 b4 36.cxb4 Rb1+
37.Ke2 Bxb4 38.Rd1 Rxd1 39.Kxd1 Kf7 40.Nh4 Nc5 41.Nxf5 Nd3 42.Bd4 Ke6 43.Ng7+ Kd5
44.Be3 c3 45.Nxh5 Kc4 46.g4 Kb3 47.Ke2 Ne5 48.g5 c2 49.Nf4 Bc5 50.Bd2 Kb2
51.g6 Bb4 52.Be3 Bc5 53.Bxc5 c1=Q 54.Bd4+ Kc2 55.Bxe5 Qd1+ 56.Ke3 Qe1+ 57.Kd4 Qxf2+
58.Ke4 Qa7 59.g7 Qb7+ 60.Nd5 Qa8 61.Bf6 Kd2 62.g4 Qa4+ 63.Bd4 Qe8+ 64.Kf4 Ke1
65.Nf6 Qb8+ 66.Kg5 Qb5+ 67.Kh6  1-0

[Event "Gibraltar Masters 2019"]
[Site "Caleta ENG"]
[Date "2019.01.30"]
[Round "9.25"]
[White "Arizmendi Martinez,J"]
[Black "Donchenko,Alexa"]
[Result "1/2-1/2"]
[WhiteElo "2506"]
[BlackElo "2604"]

1.e4 c5 2.Nf3 d6 3.d4 cxd4 4.Nxd4 Nf6 5.Nc3 a6 6.f3 e5 7.Nb3 Be6 8.Be3 h5
9.Nd5 Bxd5 10.exd5 Nbd7 11.Qd2 g6 12.Be2 Bg7 13.O-O-O Qc7 14.Kb1 O-O 15.g4 Nb6
16.Qa5 Rac8 17.c3 Nc4 18.Qxc7 Rxc7 19.Bxc4 Rxc4 20.g5 Nd7 21.Nd2 Rc7 22.Ne4 f5
23.gxf6 Nxf6 24.Nxd6 Rd7 25.Ne4 b5 26.Bg5 Nh7 27.Rd3 Rc8 28.Rg1 Kf7 29.h4 Nf6
30.Rgd1 Ne8 31.f4 Rc4 32.Nd2 Rc5 33.Ne4 Rc4 34.Re1 exf4 35.b3 Rc8 36.Bxf4 Kg8
37.Bg5 a5 38.a3 Nc7 39.d6 Ne6 40.Nf6+ Bxf6 41.Rxe6 Rxc3 42.Rxc3 Bxc3 43.Be7 Kf7
44.Re4 Bf6 45.Rf4 Rxe7 46.dxe7 Kxe7 47.Re4+ Kf7 48.Kc2 Be7 49.Re5 Bxa3 50.Rxb5 Bb4
51.Kd3 Kf6 52.Ke4 Be1 53.Rb6+ Kf7 54.Ra6 Bb4 55.Ke5 Bc3+ 56.Ke4 Bb4 57.Ke5  1/2-1/2

[Event "Gibraltar Masters 2019"]
[Site "Caleta ENG"]
[Date "2019.01.30"]
[Round "9.23"]
[White "Dragnev,Valentin"]
[Black "Indjic,A"]
[Result "0-1"]
[WhiteElo "2511"]
[BlackElo "2630"]

1.d4 Nf6 2.c4 e6 3.Nf3 c5 4.d5 d6 5.Nc3 exd5 6.cxd5 g6 7.e4 a6 8.a4 Bg4 9.Be2 Bxf3
10.Bxf3 Nbd7 11.Bf4 Qe7 12.O-O Bg7 13.e5 dxe5 14.d6 Qe6 15.Re1 O-O 16.Bxb7 Ra7
17.Bc6 Rb8 18.Qd2 Rb6 19.Bf3 Rxd6 20.Qc2 Rc7 21.Re2 Rd4 22.Bg3 h5 23.Rae1 Ne8
24.h3 Nd6 25.Rd1 Nf5 26.Bd5 Qd6 27.Red2 Nxg3 28.fxg3 Nb6 29.Ba2 c4 30.Ne2 Qc5
31.Kh2 Nd5 32.Nxd4 exd4 33.Re1 Nb4 34.Re8+ Kh7 35.Qxc4 Qxc4 36.Bxc4 Rxc4
37.Re7 d3 38.Rxf7 Rc2  0-1

[Event "Gibraltar Masters 2019"]
[Site "Caleta ENG"]
[Date "2019.01.30"]
[Round "9.22"]
[White "Cheparinov,I"]
[Black "Hjartarson,J"]
[Result "1-0"]
[WhiteElo "2691"]
[BlackElo "2530"]

1.d4 Nf6 2.c4 g6 3.Nc3 Bg7 4.e4 d6 5.h3 O-O 6.Be3 e5 7.d5 a5 8.g4 Na6 9.Qd2 Nd7
10.Nge2 Ndc5 11.Ng3 c6 12.Be2 cxd5 13.cxd5 Bd7 14.h4 Qe8 15.h5 b5 16.Bh6 Bxh6
17.Qxh6 Qe7 18.g5 Nb4 19.Kd2 Na4 20.Rh4 Nxb2 21.Rah1 Nc4+ 22.Bxc4 bxc4 23.hxg6 fxg6
24.Qxh7+ Qxh7 25.Rxh7 Rad8 26.Rh8+ Kf7 27.R1h7+ Ke8 28.Nh5  1-0

[Event "Gibraltar Masters 2019"]
[Site "Caleta ENG"]
[Date "2019.01.30"]
[Round "9.19"]
[White "Puranik,A"]
[Black "Lagarde,Max"]
[Result "1/2-1/2"]
[WhiteElo "2536"]
[BlackElo "2604"]

1.e4 c5 2.Nc3 Nc6 3.Bb5 Nd4 4.Nf3 a6 5.Bd3 Nc6 6.O-O d6 7.a3 Nf6 8.Rb1 b5
9.b4 e5 10.Nd5 Nxd5 11.exd5 c4 12.Bxc4 bxc4 13.dxc6 Qb6 14.d4 cxd3 15.cxd3 Qxc6
16.d4 f6 17.Be3 Be6 18.Rc1 Qb7 19.Nd2 Be7 20.Nb3 O-O 21.Na5 Qd7 22.Nc6 Rfc8
23.d5 Bf7 24.f4 exf4 25.Bxf4 Bf8 26.a4 Qf5 27.Bxd6 Qxd5 28.Bxf8 Rxc6 29.Qxd5 Bxd5
30.Bc5 Rac8 31.Rc3 a5 32.Rfc1 axb4 33.Bxb4 Rxc3 34.Rxc3 Rb8 35.Ba3 Rb1+ 36.Rc1 Rb3
37.Ra1 Rc3 38.g3 Rc2 39.Rd1 Be6 40.a5 Bh3 41.Ra1 Bc8  1/2-1/2

[Event "Gibraltar Masters 2019"]
[Site "Caleta ENG"]
[Date "2019.01.30"]
[Round "9.18"]
[White "Moussard,J"]
[Black "Muzychuk,M"]
[Result "1/2-1/2"]
[WhiteElo "2605"]
[BlackElo "2540"]

1.f4 d5 2.Nf3 Nf6 3.g3 g6 4.Bg2 Bg7 5.O-O O-O 6.d3 c5 7.c3 Nc6 8.Na3 d4 9.e4 dxe3
10.Bxe3 Nd5 11.Bf2 b6 12.d4 cxd4 13.Nxd4 Bb7 14.Re1 Rb8 15.Nab5 Nxd4 16.Bxd4 Bxd4+
17.Nxd4 Nf6 18.Qe2 e6 19.Rad1 Bxg2 20.Qxg2 Qc7 21.Qc6 Rbc8 22.Qxc7 Rxc7 23.Kg2 Rd8
24.Kf3 h5 25.h3 Rcd7 26.Rd2 Rd5 27.Re5 Rxe5 28.fxe5 Nd7 29.Kf4 Nc5 30.h4 b5
31.Ke3 a6 32.b3 Kf8 33.Nf3 Rc8 34.Rd4 Ke7 35.c4 Nd7 36.Ke4 Rc5 37.cxb5 axb5
38.Rb4 Rd5 39.Rd4 Rc5 40.Rb4 Rd5 41.Rd4  1/2-1/2

[Event "Gibraltar Masters 2019"]
[Site "Caleta ENG"]
[Date "2019.01.30"]
[Round "9.17"]
[White "Abel,D"]
[Black "Tari,A"]
[Result "1/2-1/2"]
[WhiteElo "2458"]
[BlackElo "2625"]

1.d4 d5 2.c4 dxc4 3.Nf3 a6 4.e3 Bg4 5.Bxc4 e6 6.h3 Bh5 7.Nc3 Nc6 8.O-O Nf6
9.b3 Bd6 10.Bb2 O-O 11.Be2 Qe8 12.Nd2 Bg6 13.Nc4 Be7 14.Bf3 Rd8 15.Qe2 Nd5
16.Rac1 Ndb4 17.Rfd1 b5 18.Bxc6 Nxc6 19.Nd2 Nb4 20.Nf3 c5 21.e4 cxd4 22.Rxd4 Rxd4
23.Nxd4 Bg5 24.Rd1 Qc8 25.a4 bxa4 26.Nxa4 Be7 27.Rc1 Qb7 28.f3 e5 29.Nf5 Bxf5
30.exf5 Na2 31.Ra1 Qxb3 32.Bxe5 Qxa4 33.Rxa2 Qb5 34.Qxb5 axb5 35.Ra5 b4 36.Rb5 Rc8
37.Rb7 Kf8 38.Bc7 Ra8 39.Kf2 Ke8 40.Ke3 Ra2 41.g4 f6 42.Bb6 Ra1 43.Bd4 Re1+
44.Kd3 g6 45.g5 Rd1+ 46.Kc4 fxg5 47.f6 Rxd4+ 48.Kxd4 Bxf6+ 49.Kd5 Bc3 50.Kc4 h6
51.Kd5 Kf8 52.Ke6 Kg8 53.Rc7 Kf8 54.Rf7+ Kg8 55.Rb7 Kf8 56.Rf7+  1/2-1/2

[Event "Gibraltar Masters 2019"]
[Site "Caleta ENG"]
[Date "2019.01.30"]
[Round "9.16"]
[White "Chandra,Akshat"]
[Black "Edouard,R"]
[Result "1/2-1/2"]
[WhiteElo "2492"]
[BlackElo "2643"]

1.e4 c5 2.Nf3 d6 3.Bb5+ Nd7 4.d4 cxd4 5.Qxd4 a6 6.Bxd7+ Qxd7 7.O-O e5 8.Qd3 Qc6
9.c4 b5 10.cxb5 Qxb5 11.Qxb5+ axb5 12.Nc3 Rb8 13.b4 h6 14.a4 bxa4 15.Rxa4 Nf6
16.b5 Be7 17.Ba3 Bb7 18.Rd1 O-O 19.Nxe5 Rfc8 20.Nc4 Nxe4 21.Nxe4 Bxe4 22.Nxd6 Bxd6
23.Bxd6 Bc2 24.Bxb8 Bxa4 25.Ra1 Rxb8 26.Rxa4 Rxb5 27.g3 g6 28.h4 h5 29.Kg2 Kg7
30.Rd4 Rb2  1/2-1/2

[Event "Gibraltar Masters 2019"]
[Site "Caleta ENG"]
[Date "2019.01.30"]
[Round "9.15"]
[White "Melkumyan,H"]
[Black "Sadhwani,Raunak"]
[Result "1-0"]
[WhiteElo "2660"]
[BlackElo "2451"]

1.e4 e5 2.Nf3 Nf6 3.Nxe5 d6 4.Nf3 Nxe4 5.Bd3 Nf6 6.O-O Be7 7.c3 O-O 8.Bc2 Bg4
9.d4 Bh5 10.Bf4 Nbd7 11.Nbd2 Re8 12.a4 a5 13.Bd3 c6 14.Re1 Bg6 15.Nc4 Nb6
16.Ne3 Nfd5 17.Bg3 Nxe3 18.Rxe3 Nd5 19.Re2 Bxd3 20.Qxd3 Qd7 21.Rae1 Bf8 22.Nd2 Rxe2
23.Rxe2 Nb6 24.b3 Re8 25.c4 Nc8 26.h3 Rxe2 27.Qxe2 b6 28.Ne4 Be7 29.d5 c5
30.Bf4 h6 31.g4 f5 32.Ng3 fxg4 33.hxg4 Bf8 34.Kg2 Ne7 35.Ne4 Ng6 36.Bxh6 Be7
37.Bd2 Ne5 38.f3 Bh4 39.Bf4 Nf7 40.Ng3 g6 41.Qe6 Qxe6 42.dxe6 Nd8 43.Bxd6 Nxe6
44.Ne2 Kf7 45.f4 Ke8 46.Kf3 Kd7 47.Be5 Bd8 48.Ke4 Kc6 49.Ng1  1-0

[Event "Gibraltar Masters 2019"]
[Site "Caleta ENG"]
[Date "2019.01.30"]
[Round "9.14"]
[White "Santos Latasa,J"]
[Black "Eljanov,P"]
[Result "1/2-1/2"]
[WhiteElo "2581"]
[BlackElo "2680"]

1.d4 Nf6 2.c4 e6 3.Nc3 Bb4 4.Qc2 d5 5.a3 Bxc3+ 6.Qxc3 O-O 7.Nf3 Nbd7 8.Bg5 h6
9.Bxf6 Nxf6 10.e3 b6 11.Be2 Ba6 12.cxd5 Bxe2 13.Kxe2 Qxd5 14.Rac1 Rac8 15.Qc6 Rfd8
16.Qxd5 Rxd5 17.Rc2 c5 18.Rhc1 Rb8 19.dxc5 bxc5 20.Nd2 Kf8 21.f3 Nd7 22.Nc4 Ke7
23.e4 Rd4 24.Na5 Ne5 25.b3 c4 26.Nxc4 Nxc4 27.Rxc4 Rxc4 28.Rxc4 Rxb3 29.Rc7+ Kf6
30.Rxa7 Rb2+ 31.Kf1 g5 32.a4 h5 33.Ra5 h4 34.h3 Ra2 35.Ra7 Ra1+ 36.Kf2 Ra2+
37.Kg1 Ra1+ 38.Kh2 Kg6 39.a5 f5 40.exf5+ exf5 41.a6 f4 42.Ra8 Kg7 43.Ra7+ Kg6
44.Ra8 Kg7 45.Ra7+  1/2-1/2

[Event "Gibraltar Masters 2019"]
[Site "Caleta ENG"]
[Date "2019.01.30"]
[Round "9.13"]
[White "Grandelius,N"]
[Black "Ju Wenjun"]
[Result "1-0"]
[WhiteElo "2682"]
[BlackElo "2575"]

1.c4 e5 2.Nc3 Bb4 3.Nd5 a5 4.Nf3 d6 5.a3 c6 6.axb4 cxd5 7.cxd5 Nf6 8.d3 Nxd5
9.Bd2 Nc6 10.bxa5 O-O 11.g3 h6 12.Bg2 Be6 13.O-O Nxa5 14.e4 Nf6 15.Bc3 Qb6
16.Qa4 Nb3 17.Qxa8 Rxa8 18.Rxa8+ Kh7 19.h3 Nc5 20.Rd1 Ncxe4 21.dxe4 Nxe4
22.Be1 Nxg3 23.Nd4 Nf5 24.Nxf5 Bxf5 25.Bc3 Qc7 26.Ra7 Qc8 27.Kh2 Qc4 28.Rxb7 Qf4+
29.Kg1 Qg5 30.Kf1 Qh5 31.Rxd6 Bxh3 32.Rb4 e4 33.Rdd4 e3 34.Bxh3 Qxh3+ 35.Ke2 exf2
36.Kxf2 Qh2+ 37.Ke1 f6 38.Kd1 h5 39.Kc1 Qg1+ 40.Kc2 Qg2+ 41.Kb1 Qc6 42.Rf4 Kg6
43.Rfc4 Qd6 44.Ka2 Qe6 45.b3 Qe2+ 46.Bb2 Kh6 47.Rc7 Qe1 48.Rcc4 Qf2 49.Ra4 Qb6
50.Rcb4 Qc7 51.Rb5 Kg6 52.Rd5 Qb7 53.Rd2 Qc7 54.Rdd4 Qb7 55.Rd8 Kh7 56.Ra5 Qf3
57.Rdd5 g5 58.Rf5  1-0

[Event "Gibraltar Masters 2019"]
[Site "Caleta ENG"]
[Date "2019.01.30"]
[Round "9.12"]
[White "Adhiban,Baskaran"]
[Black "Antipov,M2"]
[Result "1/2-1/2"]
[WhiteElo "2689"]
[BlackElo "2589"]

1.d4 Nf6 2.c4 c6 3.Nc3 d5 4.Nf3 a6 5.g3 dxc4 6.a4 e6 7.Bg5 Nbd7 8.e4 b5 9.axb5 cxb5
10.Nxb5 Qb6 11.Nc3 Qxb2 12.Bd2 Qb3 13.Qc1 Nxe4 14.Rb1 Nxd2 15.Nxd2 Qa3 16.Qxa3 Bxa3
17.Nxc4 Be7 18.Bg2 Ra7 19.Na5 Rc7 20.Nc6 Nf6 21.O-O Bb7 22.d5 exd5 23.Rfe1 Rxc6
24.Nxd5 Nxd5 25.Rxb7 Rb6 26.Bxd5 Rxb7 27.Bxb7 a5 28.Re5 g6 29.Bc6+ Kf8 30.Rxa5 Kg7  1/2-1/2

[Event "Gibraltar Masters 2019"]
[Site "Caleta ENG"]
[Date "2019.01.30"]
[Round "9.11"]
[White "Vaibhav,S"]
[Black "Jones,G"]
[Result "1-0"]
[WhiteElo "2590"]
[BlackElo "2691"]

1.c4 g6 2.d4 Nf6 3.Nc3 Bg7 4.e4 O-O 5.Nf3 d6 6.h3 e5 7.d5 a5 8.Be3 Na6 9.g4 Nc5
10.Nd2 a4 11.Be2 c6 12.g5 Nfd7 13.h4 f5 14.f3 Qb6 15.Qb1 Qa5 16.h5 f4 17.Bf2 Rf7
18.a3 cxd5 19.cxd5 b5 20.Bxb5 Ba6 21.Nc4 Qc7 22.Bxa6 Rxa6 23.Nd2 Rb6 24.Kf1 Qb7
25.Ra2 gxh5 26.Kg2 Bf8 27.Rxh5 Rg7 28.Kh1 Be7 29.Qc2 Bxg5 30.Bxc5 dxc5 31.Nc4 Rh6
32.Rxh6 Bxh6 33.Qxa4 Nf8 34.b3 Qe7 35.Rh2 Bg5 36.d6 Qf6 37.Qe8 Rb7 38.Nd5 Qg6
39.Qxe5 Rxb3 40.Ne7+ Bxe7 41.Rg2 Bh4 42.Qxf4 Qxg2+ 43.Kxg2 Ng6 44.Qf5 Rd3
45.e5 Kg7 46.e6 Rd4 47.Qf7+ Kh6 48.e7 Nf4+ 49.Qxf4+  1-0

[Event "Gibraltar Masters 2019"]
[Site "Caleta ENG"]
[Date "2019.01.30"]
[Round "9.7"]
[White "Karthikeyan,M2"]
[Black "Matlakov,M"]
[Result "1-0"]
[WhiteElo "2570"]
[BlackElo "2700"]

1.e4 c5 2.Nf3 d6 3.d4 cxd4 4.Nxd4 Nf6 5.Nc3 a6 6.Be2 e5 7.Nf3 Be7 8.Bg5 Nbd7
9.a4 h6 10.Be3 Ng4 11.Bd2 Ngf6 12.Be3 Ng4 13.Bd2 O-O 14.O-O b6 15.Bc4 Bb7
16.Qe2 Ngf6 17.Nh4 Nc5 18.f3 d5 19.exd5 Nxd5 20.Nf5 Bf6 21.Rfd1 Nxc3 22.Bxc3 Qc7
23.Nd6 Bc6 24.Bxe5 Qe7 25.Bxf6 Qxf6 26.b3 Rad8 27.Nxf7 Rxd1+ 28.Rxd1 Rxf7
29.Qe3 a5 30.Qd4 Be8 31.Qxf6 gxf6 32.Rd6 Nd7 33.Kf2 Kf8 34.Bxf7 Kxf7 35.Ke3 Ke7
36.Rc6 Bf7 37.Kd4 Bg6 38.Kc3 Bf5 39.h3 Bg6 40.Kd4 h5 41.Kc3 Kf7 42.Kd2 Ke7
43.h4 Bf5 44.c4 Be6 45.Kc3 Bf7 46.g4 Be8 47.gxh5 Bxh5 48.f4 Bf3 49.Rc8 Nc5
50.Rb8 Nd7 51.Rh8 Nf8 52.Rg8 Bh5 53.f5 Nd7 54.b4 axb4+ 55.Kxb4 Be2 56.Rg2 Bd3
57.h5 Bxf5 58.h6 Kf7 59.Rg7+ Kf8 60.Kb5 Ne5 61.Rc7 Nd7 62.Kc6 Ke7 63.Rxd7+ Bxd7+
64.Kxb6 Kf7 65.a5 Bc8 66.a6 Bxa6 67.Kxa6 f5 68.h7  1-0

[Event "Gibraltar Masters 2019"]
[Site "Caleta ENG"]
[Date "2019.01.31"]
[Round "10.108"]
[White "Cramling Bellon,Anna"]
[Black "Vila Dupla,A"]
[Result "0-1"]
[WhiteElo "2025"]
[BlackElo "2166"]

1.d4 Nf6 2.c4 g6 3.Nc3 d5 4.cxd5 Nxd5 5.e4 Nxc3 6.bxc3 Bg7 7.Qa4+ Qd7 8.Qb3 O-O
9.Be3 b6 10.Nf3 Bb7 11.Bc4 h6 12.Ne5 Bxe5 13.dxe5 Qg4 14.f3 Qh4+ 15.g3 Qh5
16.Kf2 Nc6 17.Be2 Nxe5 18.h4 Nd7 19.g4 Qe5 20.Bxh6 Nc5 21.Qc2 Rfd8 22.Rh3  0-1

[Event "Gibraltar Masters 2019"]
[Site "Caleta ENG"]
[Date "2019.01.31"]
[Round "10.106"]
[White "Burke,M"]
[Black "De Seroux,C"]
[Result "1/2-1/2"]
[WhiteElo "1994"]
[BlackElo "2145"]

1.f4 c5 2.Nf3 Nc6 3.g3 g6 4.Bg2 Bg7 5.O-O e6 6.d3 Nge7 7.e4 d6 8.c3 O-O 9.g4 f5
10.h3 c4 11.Na3 d5 12.e5 cxd3 13.Qxd3 a6 14.Be3 b5 15.b4 Bd7 16.Nc2 Nc8 17.Ncd4 Nb6
18.Nxc6 Bxc6 19.Nd4 Bd7 20.Nb3 fxg4 21.hxg4 Nc4 22.Bc5 Rf7 23.Nd2 g5 24.Nxc4 bxc4
25.Qd4 Qc7 26.Bd6 Qxd6 27.exd6 Bxd4+ 28.cxd4 Rxf4 29.Rxf4 gxf4 30.Kf2 Kg7
31.Kf3 Kg6 32.Kxf4 Rf8+ 33.Kg3 Rb8 34.Rb1 Rb6 35.Kf4 Rxd6 36.Bf3 Rc6 37.Bd1 Rc8
38.Bc2+ Kg7 39.Rh1 h6 40.g5 Rh8 41.gxh6+ Rxh6 42.Rxh6 Kxh6 43.Ke5 Kg5 44.a4 c3
45.Kd6 Be8 46.Kxe6 Bg6 47.Kxd5 Bxc2 48.Kc4 Bxa4 49.Kxc3 Kf5 50.Kc4 Ke6 51.Kc5 Bb5
52.d5+ Kd7 53.d6 Be2 54.Kd5 Bf3+ 55.Kc5 Be2 56.Kd5 Bb5 57.Ke5 Bc6 58.Kd4 Kxd6
59.Kc4 Bb5+ 60.Kd4 Bf1 61.Kc3 Kd5 62.Kb2 Kc4 63.Ka1 Kc3 64.Kb1 Kb3 65.Ka1 Ka3
66.Kb1 Bd3+ 67.Ka1 Be2 68.Kb1 Kb3 69.Ka1 Kc2 70.Ka2 Bd3 71.Ka1 Kc1 72.Ka2 Bb1+
73.Ka1 Bg6 74.Ka2 Kc2 75.Ka1 Be8 76.Ka2 Bf7+ 77.Ka1 Kc3 78.Kb1 Kb3 79.Ka1 Ka3
80.Kb1 Bc4 81.Ka1 Ba2 82.b5 a5 83.b6 Bd5 84.b7 Bxb7  1/2-1/2

[Event "Gibraltar Masters 2019"]
[Site "Caleta ENG"]
[Date "2019.01.31"]
[Round "10.105"]
[White "Hng,Mei-En Emmanuelle"]
[Black "Pakosta,M"]
[Result "1-0"]
[WhiteElo "2071"]
[BlackElo "2166"]

1.e4 d6 2.d4 Nf6 3.Nc3 g6 4.Be2 Bg7 5.h3 O-O 6.Nf3 d5 7.exd5 Nxd5 8.Nxd5 Qxd5
9.c4 Qd6 10.O-O Nc6 11.Be3 Rd8 12.Qb3 e6 13.Rad1 Qb4 14.Qc2 Qe7 15.a3 a5
16.Rfe1 Qf8 17.Bf1 b6 18.Bf4 Ra7 19.d5 Ne7 20.Nd4 Bxd4 21.Rxd4 c5 22.Rd2 exd5
23.cxd5 Rxd5 24.Qb3 Rxd2 25.Bxd2 Qd8 26.Bg5 Be6 27.Rxe6 fxe6 28.Qxe6+ Kf8
29.Bb5 Qd1+ 30.Kh2 Ng8 31.Bc4 Rg7 32.Qc8+  1-0

[Event "Gibraltar Masters 2019"]
[Site "Caleta ENG"]
[Date "2019.01.31"]
[Round "10.104"]
[White "Smith,An"]
[Black "Teh,Wee Zhun"]
[Result "0-1"]
[WhiteElo "2167"]
[BlackElo "1818"]

1.e4 e5 2.Nf3 Nf6 3.Nc3 Nc6 4.Bc4 Bc5 5.d3 d6 6.Na4 Bb4+ 7.c3 Ba5 8.b4 Bb6
9.Nxb6 axb6 10.O-O O-O 11.h3 h6 12.Be3 Qe7 13.Re1 Be6 14.Qb3 Bxc4 15.Qxc4 Qe6
16.Nd2 Qxc4 17.Nxc4 b5 18.Nd2 Ra3 19.Rec1 Rfa8 20.Rc2 d5 21.Nb1 R3a4 22.exd5 Nxd5
23.Kf1 f5 24.Ke2 Kf7 25.f3 Nce7 26.Rd2 Rd8 27.a3 Nxe3 28.Kxe3 Nd5+ 29.Kf2 Nf4
30.Ke3 Nd5+ 31.Kf2 c6 32.Raa2 Nb6 33.Rac2 Raa8 34.Rc1 Rd7 35.Rcd1 Rad8 36.c4 Rd4
37.cxb5 cxb5 38.Ke2 Rc8 39.Rb2 Nd5 40.g3 h5 41.h4 Rc6 42.Kd2 f4 43.Rc2 Rxc2+
44.Kxc2 Ne3+  0-1

[Event "Gibraltar Masters 2019"]
[Site "Caleta ENG"]
[Date "2019.01.31"]
[Round "10.103"]
[White "Cholleti,S"]
[Black "Bopp,T"]
[Result "1-0"]
[WhiteElo "2122"]
[BlackElo "2171"]

1.d4 d5 2.Nf3 Nf6 3.c4 e6 4.g3 Bb4+ 5.Bd2 Be7 6.Bg2 O-O 7.O-O Nbd7 8.Qc2 c6
9.Bf4 b6 10.Rd1 Ba6 11.cxd5 cxd5 12.Nc3 Rc8 13.Qa4 Bc4 14.b3 b5 15.Nxb5 Nb6
16.Qa5 Bxe2 17.Nxa7 Ra8 18.Rdc1 Nbd7 19.Qxd8 Bxd8 20.Nc6 Bb6 21.a4 h6 22.a5 Ba7
23.Bd6 Rfe8 24.Nfe5 Bb5 25.Nxa7 Rxa7 26.Bf1 Bxf1 27.Kxf1 Ne4 28.Bb4 Nxe5
29.dxe5 Rb8 30.Ra4 Rab7 31.a6 Rb6 32.a7 Ra8 33.f3 Ng5 34.Ke2 f6 35.exf6 gxf6
36.Rc7 Nf7 37.h4 h5 38.Bc5 Rxb3 39.Rb4 Rxb4 40.Bxb4 Nd8 41.Be7  1-0

[Event "Gibraltar Masters 2019"]
[Site "Caleta ENG"]
[Date "2019.01.31"]
[Round "10.102"]
[White "Movileanu,Daniela"]
[Black "Francois-Haugrin,Said"]
[Result "1-0"]
[WhiteElo "2174"]
[BlackElo "1825"]

1.e4 c5 2.Nf3 Nc6 3.d4 cxd4 4.Nxd4 e5 5.Nb5 d6 6.c4 Be7 7.N5c3 f5 8.exf5 Bxf5
9.Bd3 Be6 10.Nd5 Nf6 11.Nbc3 O-O 12.O-O Nd4 13.b3 b5 14.Be3 bxc4 15.Bxc4 Nxd5
16.Nxd5 Nf5 17.Qd3 Kh8 18.Rad1 Bg5 19.Bd2 Nd4 20.f4 Bf5 21.Qc3 Rc8 22.Qb2 Bf6
23.Bc3 Nc6 24.Nxf6 gxf6 25.fxe5 fxe5 26.Qd2 Qb6+ 27.Kh1 Rcd8 28.Qh6 Qb8 29.Be1 Rd7
30.Bh4 Rg7 31.Bf6 Rxf6 32.Qxf6  1-0

[Event "Gibraltar Masters 2019"]
[Site "Caleta ENG"]
[Date "2019.01.31"]
[Round "10.100"]
[White "Sanchez Jerez,E"]
[Black "Osuna Vega,E"]
[Result "0-1"]
[WhiteElo "2183"]
[BlackElo "2116"]

1.d4 e6 2.e4 d5 3.Nd2 c5 4.exd5 Qxd5 5.Ngf3 cxd4 6.Bc4 Qd8 7.O-O a6 8.Re1 Be7
9.Nb3 Nc6 10.Nbxd4 Nxd4 11.Nxd4 Nf6 12.b3 b5 13.Qf3 Rb8 14.Nc6 Bb7 15.Nxd8 Bxf3
16.gxf3 Rxd8 17.Bd3 Bb4 18.Rd1 Bc3 19.Rb1 Nd5 20.a3 f5 21.f4 Kf7 22.Kg2 Rc8
23.Kf3 Rhd8 24.Bb2 Rc7 25.Rg1 g6 26.h4 h5 27.Rg3 Rcd7 28.Bc1 e5 29.fxe5 Bxe5
30.Rg1 Nc3 31.Ra1 Ne2 32.Kxe2 Bxa1 33.a4 Rd5 34.Rd1 Kg7 35.c4 bxc4 36.bxc4 Re5+
37.Kf3 Ra5 38.Be3 Rxa4 39.Bb6 Rxd3+ 40.Rxd3 Rxc4 41.Rd7+ Kg8 42.Rd6 Kf7 43.Bd8 a5
44.Rd1 Ra4 45.Rd7+ Ke6 46.Ra7 Bc3 47.Bg5 Re4 48.Rc7 Bb4 49.Rc6+ Kf7 50.Rc7+ Ke6
51.Rc6+ Kd5 52.Rxg6 Kc4 53.Ra6 Kb3 54.Ra8 a4 55.Bf6 Rc4 56.Ke3 Bc5+ 57.Kd3 Bxf2
58.Rh8 Rc6 59.Bg7 Rd6+ 60.Ke2 Bxh4 61.Rxh5 Rg6 62.Be5 Bg5 63.Rh3+ Kc4 64.Ra3 Re6
65.Rxa4+ Kb5  0-1

[Event "Gibraltar Masters 2019"]
[Site "Caleta ENG"]
[Date "2019.01.31"]
[Round "10.99"]
[White "Semprun Martinez,F"]
[Black "Moksh,Amit Doshi"]
[Result "1-0"]
[WhiteElo "2076"]
[BlackElo "2242"]

1.Nf3 Nf6 2.g3 d5 3.Bg2 c6 4.d4 Bg4 5.Ne5 Bh5 6.O-O e6 7.c4 Nbd7 8.Bf4 Qb6
9.b3 Nxe5 10.dxe5 Nd7 11.cxd5 exd5 12.Qc2 Nc5 13.Be3 Qa5 14.Nc3 Ne6 15.Bd2 Qa6
16.e3 Bg6 17.Qd1 Ba3 18.e4 d4 19.Ne2 O-O 20.Bc1 Bc5 21.Nf4 Rad8 22.Nd3 Bh5
23.f3 f6 24.Bh3 Be7 25.Bxe6+ Kh8 26.exf6 Rxf6 27.Bh3 Rdf8 28.Nf4 Bf7 29.Qd3 Qb6
30.e5 Rh6 31.Bf5 c5 32.e6 Be8 33.Nd5  1-0